[Event "the second english slow knockout"]
[Site "SchemingMind.com"]
[Date "2017.06.30"]
[Round "-"]
[White "Robert Bruce"]
[Black "DANDYLIONHONEYBADGER"]
[Result "1-0"]
[WhiteCountry "SCO"]
[BlackCountry "USA"]
[WhiteElo "2378"]
[WhiteRD "70"]
[BlackElo "1272"]
[BlackRD "81"]
[GameID "415642"]

1. c4 e5 2. g3 Nc6 3. Nc3 Nf6 4. Bg2 a6 5. Nf3 h6 6. O-O e4 7. Ne1 d6 8. Nxe4 Nxe4 9. Bxe4 g6 10. e3 Bh3
11. Bg2 Bxg2 12. Nxg2 g5 13. Qb3 Na5 14. Qc3 Bg7 15. Qxg7
1-0

[Event "the second english slow knockout"]
[Site "SchemingMind.com"]
[Date "2017.06.30"]
[Round "-"]
[White "DANDYLIONHONEYBADGER"]
[Black "Robert Bruce"]
[Result "0-1"]
[WhiteCountry "USA"]
[BlackCountry "SCO"]
[WhiteElo "1269"]
[WhiteRD "81"]
[BlackElo "2350"]
[BlackRD "75"]
[GameID "415643"]

1. c4 c6 2. b3 d5 3. e3 e5 4. d3 Nf6 5. f3 Bc5 6. Bd2 Na6 7. Bc3 Bxe3 8. Bxe5 O-O 9. Bxf6 Qxf6 10. Ne2 Qxa1
0-1

[Event "the second english slow knockout"]
[Site "SchemingMind.com"]
[Date "2017.07.02"]
[Round "-"]
[White "Wojtek26"]
[Black "Manfred Kraut"]
[Result "1-0"]
[WhiteCountry "POL"]
[BlackCountry "GER"]
[WhiteElo "1608"]
[WhiteRD "51"]
[BlackElo "1390"]
[BlackRD "76"]
[GameID "415886"]

1. c4 c5 2. e3 Nc6 3. Nf3 g6 4. Be2 Bg7 5. O-O Nf6 6. d4 cxd4 7. exd4 d6 8. Nc3 O-O 9. Bg5 Qb6 10. b3 Nh5
11. Be3 Nf6 12. d5 Qb4 13. Qb1 Qxc3 14. Bd2 Qxa1 15. Qxa1 Ne4 16. Qc1 Bf5 17. dxc6 bxc6 18. Be3 a5 19. Nd4 Bxd4 20. Bxd4 c5
21. Bb2 Rfd8 22. Qh6 a4 23. Qg7#
1-0

[Event "the second english slow knockout"]
[Site "SchemingMind.com"]
[Date "2017.07.02"]
[Round "-"]
[White "Manfred Kraut"]
[Black "Wojtek26"]
[Result "0-1"]
[WhiteCountry "GER"]
[BlackCountry "POL"]
[WhiteElo "1390"]
[WhiteRD "76"]
[BlackElo "1608"]
[BlackRD "51"]
[GameID "415887"]

1. c4 e5 2. d4 exd4 3. Qxd4 Nc6 4. Qe3+ Be7 5. g3 Nf6 6. Bh3 d5 7. Bxc8 Rxc8 8. Nd2 O-O 9. Ngf3 dxc4 10. Nxc4 Bb4+
11. Bd2 Re8 12. Bxb4 Rxe3 13. Nxe3 Ne4 14. Rd1 Qf6 15. Ng4 Qxb2 16. O-O Qxb4 17. Rb1 Qc4 18. Rfc1 Qxe2 19. Kg2 h5 20. Ne3 Qxf2+
21. Kh3 Qxf3 22. Nd5 Nf2+ 23. Kh4 Qg4#
0-1

[Event "the second english slow knockout"]
[Site "SchemingMind.com"]
[Date "2017.07.29"]
[Round "-"]
[White "pnwmusichound"]
[Black "ray winteringham"]
[Result "1-0"]
[WhiteCountry "USA"]
[BlackCountry "ENG"]
[WhiteElo "1900"]
[WhiteRD "93"]
[BlackElo "1535"]
[BlackRD "53"]
[GameID "416739"]

1. c4 g6 2. d4 Bg7 3. e4 d6 4. Nc3 e6 5. Nf3 Ne7 6. Be2 b6 7. O-O Bb7 8. Be3 O-O 9. Qd2 Nd7 10. Bh6 a5
11. h3 f5 12. exf5 Nxf5 13. Bxg7 Kxg7 14. Ng5 Qf6 15. d5 e5 16. Ne6+ Kh8 17. Nxf8 Rxf8 18. Ne4 Qg7 19. a3 Nd4 20. Qd3 c5
21. Nxd6 Ba8 22. Ne4 Bb7 23. Bg4 Bc8 24. Rfb1 Qf7 25. b4 h5 26. Bxd7 Bxd7 27. f3 Qf4 28. bxc5 Bxh3 29. Rxb6 Bf5 30. Rf1 Rf7
31. c6 Bxe4 32. fxe4 Qxf1+ 33. Qxf1 Rxf1+ 34. Kxf1 Nc2 35. c7
1-0

[Event "the second english slow knockout"]
[Site "SchemingMind.com"]
[Date "2017.07.29"]
[Round "-"]
[White "ray winteringham"]
[Black "pnwmusichound"]
[Result "0-1"]
[WhiteCountry "ENG"]
[BlackCountry "USA"]
[WhiteElo "1490"]
[WhiteRD "53"]
[BlackElo "1870"]
[BlackRD "91"]
[GameID "416740"]

1. c4 Nf6 2. Nc3 b6 3. Nf3 c5 4. d3 e6 5. Bf4 Bb7 6. e4 d6 7. Be2 Be7 8. Bg3 O-O 9. O-O a6 10. a3 Nbd7
11. h3 h6 12. Nd2 Qc7 13. f4 Qc6 14. Bf3 e5 15. b3 Ra7 16. b4 cxb4 17. axb4 Rfa8 18. Bf2 Qc7 19. Qc2 exf4 20. Ra2 d5
21. exd5 Bxb4 22. Bd4 Bc5 23. Nb3 Bxd4+ 24. Nxd4 Qc5 25. Ne4 Nxe4 26. dxe4 Qxd4+ 27. Rf2 Ne5 28. Kh1 Nxc4 29. Kh2 Ne5 30. Rd2 Nxf3+
31. gxf3 Qf6 32. Rg2 b5 33. Ra1 Qxa1
0-1

[Event "the second english slow knockout"]
[Site "SchemingMind.com"]
[Date "2017.08.12"]
[Round "-"]
[White "aliwood"]
[Black "Thomas Jacob Kelly"]
[Result "0-1"]
[WhiteCountry "ENG"]
[BlackCountry "USA"]
[WhiteElo "1253"]
[WhiteRD "61"]
[BlackElo "1746"]
[BlackRD "67"]
[GameID "417120"]

1. c4 g5 2. d4 Bg7 3. e3 d6 4. Bd3 h5 5. Nd2 c5 6. Nb3 Na6 7. a3 Qc7 8. Ne2 b6 9. Be4 Bb7 10. Bxb7 Qxb7
11. O-O h4 12. h3 Nc7 13. d5 O-O-O 14. Nd2 f5 15. Ra2 Nh6 16. Nf3 Bf6 17. b4 e6 18. Bb2 Bxb2 19. Rxb2 exd5 20. cxd5 Nxd5
21. Nxg5 Rhg8 22. Nf3 Qg7 23. Qxd5 Qxg2#
0-1

[Event "the second english slow knockout"]
[Site "SchemingMind.com"]
[Date "2017.08.12"]
[Round "-"]
[White "Thomas Jacob Kelly"]
[Black "aliwood"]
[Result "1-0"]
[WhiteCountry "USA"]
[BlackCountry "ENG"]
[WhiteElo "1778"]
[WhiteRD "69"]
[BlackElo "1242"]
[BlackRD "59"]
[GameID "417121"]

1. c4 c5 2. e4 e5 3. Nf3 Nc6 4. b3 d6 5. Bb2 Bd7 6. Nc3 Nf6 7. Qc2 Nd4 8. Nxd4 cxd4 9. Ne2 Rc8 10. f4 Bc6
11. d3 Ng4 12. Kd2 Ne3 13. Qc1 Nxf1+ 14. Qxf1 Be7 15. g3 b5 16. Rb1 Qa5+ 17. Kc2 bxc4 18. bxc4 O-O 19. Nc1 Ba4+ 20. Nb3 Qb4
21. Qe2 Bf6 22. h4 Rc7 23. Ba1 Rb8 24. Rhc1 exf4 25. gxf4 Rcb7 26. Qf2 h6 27. Bxd4 Bxd4 28. Qxd4 Qb6 29. Qxb6 axb6 30. Kc3 b5
31. cxb5 Rc8+ 32. Kd4 Rxc1 33. Rxc1 Rxb5 34. Rb1 Rh5 35. Rh1 Bxb3 36. axb3 Kf8 37. b4 Ke8 38. e5 Kd7 39. b5 Kc7 40. Kd5 f5
41. exd6+
1-0

[Event "the second english slow knockout"]
[Site "SchemingMind.com"]
[Date "2017.08.11"]
[Round "-"]
[White "fu_manchu"]
[Black "Clive Everill"]
[Result "1-0"]
[WhiteCountry "CAN"]
[BlackCountry "CZE"]
[WhiteElo "1859"]
[WhiteRD "68"]
[BlackElo "1756"]
[BlackRD "61"]
[GameID "417228"]

1. c4 Nf6 2. Nf3 g6 3. d4 Bg7 4. Nc3 O-O 5. e4 c6 6. Bd3 d6 7. O-O Nbd7 8. b4 e5 9. d5 c5 10. b5 Nb6
11. h3 Ne8 12. Be3 f5 13. Qc2 f4 14. Bc1 Nf6 15. a4 a5 16. Bb2 Nbd7 17. Rfd1 b6 18. Ng5 Nb8 19. Be2 Re8 20. Bf1 Nh5
21. Nf3 Bh6 22. Kh2 g5 23. g4 Nf6 24. Be2 Nbd7 25. h4 Nxg4+ 26. Kg2 gxh4 27. Rh1 Bg5 28. Rag1 Ndf6 29. Nxg5 Nh5 30. Nf3 Kh8
31. Kf1 h3 32. Nxe5 dxe5 33. Bxg4 Bxg4 34. Rxg4 Nf6 35. Rgg1 Qd7 36. f3 Nh5 37. Ne2 Ra7 38. Qd2 Rg8 39. Bxe5+ Ng7 40. Nxf4 Qe8
41. Rxh3
1-0

[Event "the second english slow knockout"]
[Site "SchemingMind.com"]
[Date "2017.08.11"]
[Round "-"]
[White "Clive Everill"]
[Black "fu_manchu"]
[Result "0-1"]
[WhiteCountry "CZE"]
[BlackCountry "CAN"]
[WhiteElo "1756"]
[WhiteRD "61"]
[BlackElo "1859"]
[BlackRD "68"]
[GameID "417229"]

1. c4 e5 2. Nc3 Nf6 3. e4 Bc5 4. g3 d6 5. h3 a6 6. Nf3 Bd7 7. Bg2 O-O 8. d3 Nc6 9. Nd5 Nxd5 10. cxd5 Nd4
11. O-O Nxf3+ 12. Qxf3 f5 13. Be3 fxe4 14. Qxe4 Bf5 15. Qc4 b5 16. Qc2 Bxe3 17. fxe3 Qd7 18. Kh2 Qe7 19. e4 Bd7 20. Qxc7 Rxf1
21. Rxf1 Rc8 22. Qa7 h6 23. Qxa6 Rc2 24. Qa8+ Kh7 25. b3 Qg5 26. Qf8 Qd2 27. Qf3 Rxa2 28. Rd1 Qc2 29. g4 Qxb3 30. Kg3 b4
31. Rc1 Ra7 32. Bf1 Qa3 33. Qf8 Qxc1 34. Bg2 Qf4+
0-1

[Event "the second english slow knockout"]
[Site "SchemingMind.com"]
[Date "2017.08.17"]
[Round "-"]
[White "Scooter"]
[Black "nikita68"]
[Result "0-1"]
[WhiteCountry "USA"]
[BlackCountry "RUS"]
[WhiteElo "1711"]
[WhiteRD "52"]
[BlackElo "2361"]
[BlackRD "70"]
[GameID "417433"]

1. c4 Nf6 2. Nf3 e6 3. d4 b6 4. Bg5 Bb7 5. e3 h6 6. Bxf6 Qxf6 7. Nbd2 c5 8. dxc5 Bxc5 9. b3 O-O 10. Bd3 Nc6
11. Ne4 Bb4+ 12. Nfd2 Qg6 13. O-O Ne5 14. Qc2 Bxd2
0-1

[Event "the second english slow knockout"]
[Site "SchemingMind.com"]
[Date "2017.08.17"]
[Round "-"]
[White "nikita68"]
[Black "Scooter"]
[Result "1-0"]
[WhiteCountry "RUS"]
[BlackCountry "USA"]
[WhiteElo "2361"]
[WhiteRD "70"]
[BlackElo "1711"]
[BlackRD "52"]
[GameID "417434"]

1. c4 Nf6 2. g3 g6 3. Bg2 Bg7 4. Nc3 O-O 5. d4 d6 6. Nf3 Bg4 7. h3 Bxf3 8. Bxf3 c6 9. e4 Nbd7 10. Be3 e5
11. d5 c5 12. Qd2 a6 13. a3 Re8 14. g4 Rb8 15. h4 Kh8 16. h5 b5 17. hxg6 fxg6 18. cxb5 axb5 19. g5 Ng8 20. b4 c4
21. O-O-O Rb7 22. Bg4 Qa8 23. Kb2 Nb6 24. Bxb6 Rxb6 25. Bd7 Reb8 26. Bc6 Qa7 27. Rh2 h5 28. gxh6 Bxh6 29. Rxh6+ Nxh6 30. Rh1 Ra6
31. Qxh6+
1-0

[Event "the second english slow knockout"]
[Site "SchemingMind.com"]
[Date "2017.08.19"]
[Round "-"]
[White "anne"]
[Black "Aba"]
[Result "1-0"]
[WhiteCountry "GER"]
[BlackCountry "ISR"]
[WhiteElo "2279"]
[WhiteRD "94"]
[BlackElo "1795"]
[BlackRD "81"]
[GameID "417489"]

1. c4 g6 2. Nc3 Bg7 3. e4 c5 4. g3 Nc6 5. Bg2 Nf6 6. d3 Qa5 7. Ne2 d6 8. O-O O-O 9. a3 e5 10. f4 a6
11. Nd5 Nxd5 12. exd5 Ne7 13. Nc3 f5 14. fxe5 Bxe5 15. Be3 Bxc3 16. bxc3 Qxc3 17. Rc1 Qxa3 18. Bg5 Kf7 19. Qc2 Qa5 20. Qb2 Ke8
21. Bxe7 Kxe7 22. Qg7+
1-0

[Event "the second english slow knockout"]
[Site "SchemingMind.com"]
[Date "2017.08.19"]
[Round "-"]
[White "Aba"]
[Black "anne"]
[Result "0-1"]
[WhiteCountry "ISR"]
[BlackCountry "GER"]
[WhiteElo "1795"]
[WhiteRD "81"]
[BlackElo "2279"]
[BlackRD "94"]
[GameID "417490"]

1. c4 e6 2. Nc3 b6 3. d4 Bb4 4. Bd2 Nf6 5. a3 Bxc3 6. Bxc3 Ne4 7. e3 Nxc3 8. bxc3 Bb7 9. d5 O-O 10. Nf3 Na6
11. Be2 Nc5 12. O-O f5 13. Rb1 Qe7 14. a4 f4 15. exf4 Rxf4 16. g3 Rf6 17. Re1 Raf8 18. Kg2 Qd6 19. Ra1 exd5 20. Qd4 Nb3
21. Qe5 Nxa1 22. Rxa1 Qxe5 23. Nxe5 Rxf2+
0-1

[Event "the second english slow knockout"]
[Site "SchemingMind.com"]
[Date "2017.08.25"]
[Round "-"]
[White "Uzi Mike"]
[Black "frankly"]
[Result "0-1"]
[WhiteCountry "USA"]
[BlackCountry "ENG"]
[WhiteElo "1922"]
[WhiteRD "97"]
[BlackElo "2655"]
[BlackRD "61"]
[GameID "417751"]

1. c4 e5 2. Nc3 d6 3. Nf3 f5 4. d4 e4 5. Ng5 Be7 6. Nh3 Nf6 7. e3 O-O 8. Be2 c6 9. O-O Na6 10. Bd2 Nc7
11. f3 d5 12. Qb3 exf3 13. Rxf3 dxc4 14. Bxc4+ Kh8 15. Raf1 b5 16. Bd3 g6 17. Nf4 a5 18. a3 b4 19. Na4 Ncd5 20. Nc5 Nxf4
21. Rxf4 Bd6 22. h3 Ra7 23. Qc2 Bxf4 24. Rxf4 g5 25. Rf3 g4 26. hxg4 Nxg4 27. Rh3 Rg7 28. axb4 axb4 29. Qb3 f4 30. Ne6 Bxe6
31. Qxe6 Nf2 32. Rxh7+ Rxh7 33. Qe5+ Qf6 34. Bxh7 Qxe5 35. dxe5 Ng4 36. Bxb4 Ra8 37. Ba3 Kxh7 38. exf4 Kg6 39. g3 Kf5 40. Kf1 Rb8
41. Ke2 Rb3 42. Bc5 Rxb2+ 43. Kd3 Rb3+ 44. Kc4 Rxg3 45. Bd6 Rf3 46. Kc5 Ke6 47. Kxc6 Rxf4
0-1

[Event "the second english slow knockout"]
[Site "SchemingMind.com"]
[Date "2017.08.25"]
[Round "-"]
[White "frankly"]
[Black "Uzi Mike"]
[Result "1-0"]
[WhiteCountry "ENG"]
[BlackCountry "USA"]
[WhiteElo "2668"]
[WhiteRD "64"]
[BlackElo "1921"]
[BlackRD "102"]
[GameID "417752"]

1. c4 Nf6 2. Nc3 e5 3. Nf3 Nc6 4. g3 d5 5. cxd5 Nxd5 6. Bg2 Nb6 7. O-O Be7 8. a3 O-O 9. d3 Bg4 10. b4 a6
11. Bb2 Qd7 12. Ne4 Qf5 13. Rc1 Nd7 14. Re1 Rad8 15. Nfd2 Bh3 16. Bh1 Qg6 17. Nc3 Nf6 18. Na4 Nd7 19. Qc2 Bg5 20. Rb1 Rfe8
21. Ne4 Be7 22. Nec5 Bxc5 23. Nxc5 Nxc5 24. Qxc5 Qe6 25. Rbc1 Rd6 26. b5 axb5 27. Qxb5 Qc8 28. a4 Bd7 29. a5 Kh8 30. Qc5 f6
31. Qc3 Qa8 32. Ra1 Rb8 33. Reb1 Qa6 34. Ba3 Re6 35. Bc5 Ree8 36. Be3 Ra8 37. Bd5 Be6 38. Be4 Bd7 39. g4 Bxg4 40. Rxb7 Qxb7
41. Bxc6 Qa6 42. f3 Bh5 43. Bxe8 Bxe8 44. Qxc7 Kg8 45. Kf2 Rc8 46. Qe7 Bf7 47. Bb6 Bg6 48. Rg1 Qa8 49. Be3 Re8 50. Qd7 Qd8
51. Qb5 Bf7 52. a6 Bd5 53. a7 Kh8 54. Bb6 Qa8 55. Rc1 f5 56. Rc5
1-0

[Event "the second english slow knockout"]
[Site "SchemingMind.com"]
[Date "2017.09.13"]
[Round "-"]
[White "emvarela"]
[Black "Jari Laine"]
[Result "0-1"]
[WhiteCountry "ARG"]
[BlackCountry "FIN"]
[WhiteElo "1720"]
[WhiteRD "69"]
[BlackElo "2442"]
[BlackRD "89"]
[GameID "418535"]

1. c4 c5 2. Nf3 Nc6 3. g3 g6 4. Bg2 Bg7 5. O-O e6 6. e3 Nge7 7. d4 cxd4 8. exd4 d5 9. cxd5 Nxd5 10. Nc3 O-O
11. Be3 Nxe3 12. fxe3 Qb6 13. Qc2 Ne7 14. Na4 Qa5 15. Nd2 e5 16. Nc4 Qc7 17. dxe5 Be6 18. b3 Rab8 19. Qc3 Bxc4 20. Qxc4 Qxe5
21. Qc5 b5
0-1

[Event "the second english slow knockout"]
[Site "SchemingMind.com"]
[Date "2017.09.13"]
[Round "-"]
[White "Jari Laine"]
[Black "emvarela"]
[Result "1-0"]
[WhiteCountry "FIN"]
[BlackCountry "ARG"]
[WhiteElo "2501"]
[WhiteRD "87"]
[BlackElo "1912"]
[BlackRD "71"]
[GameID "418536"]

1. c4 e5 2. Nc3 Nf6 3. Nf3 Nc6 4. e3 Bb4 5. Qc2 O-O 6. Nd5 a5 7. a3 Bc5 8. Ng5 g6 9. Nxf6+ Qxf6 10. Ne4 Qf5
11. g4 Qf3 12. Rg1 Be7 13. h3 Nd4 14. exd4 exd4 15. d3 d5 16. cxd5 Bxg4 17. hxg4 Rfc8 18. Qc4 c5 19. d6 Bh4 20. Be2 Qh3
21. Bf4 b6 22. Qd5 Kg7 23. O-O-O
1-0

[Event "the second english slow knockout"]
[Site "SchemingMind.com"]
[Date "2017.09.27"]
[Round "-"]
[White "Chessibelle"]
[Black "John Willis"]
[Result "0-1"]
[WhiteCountry "ENG"]
[BlackCountry "USA"]
[WhiteElo "1098"]
[WhiteRD "60"]
[BlackElo "1529"]
[BlackRD "102"]
[GameID "419041"]

1. c4 e5 2. d3 Nc6 3. Nf3 f5 4. Nc3 Nf6 5. e4 Bc5 6. h3 d6 7. Be2 Be6 8. O-O Qe7 9. a3 Bd7 10. Qd2 h6
11. b3 a6 12. Rb1 O-O-O 13. b4 Bd4 14. b5 axb5 15. Nxb5 fxe4 16. dxe4 Nxe4 17. Qd3 Bxf2+ 18. Kh1 Ng3+ 19. Kh2 Nxf1+ 20. Bxf1 e4
21. Qe2 exf3 22. Qxf3 Rdf8 23. Bf4 Bd4 24. g3 g5 25. Nxd4 Nxd4 26. Qxb7+ Kd8 27. Qa8+ Bc8 28. Bd2 Rf2+ 29. Kg1 Rxd2 30. Qa5 Nf3+
31. Kh1 Rh2#
0-1

[Event "the second english slow knockout"]
[Site "SchemingMind.com"]
[Date "2017.09.27"]
[Round "-"]
[White "John Willis"]
[Black "Chessibelle"]
[Result "1-0"]
[WhiteCountry "USA"]
[BlackCountry "ENG"]
[WhiteElo "1529"]
[WhiteRD "102"]
[BlackElo "1098"]
[BlackRD "60"]
[GameID "419042"]

1. c4 d6 2. Nc3 e5 3. Nf3 Nc6 4. d4 Nf6 5. d5 Nb4 6. a3 Na6 7. e4 g6 8. h3 Bg7 9. Be2 Nc5 10. Qc2 b6
11. O-O O-O 12. Bd2 Nh5 13. Bg5 f6 14. Be3 Bd7 15. b4 Nb7 16. Rfd1 h6 17. b5 g5 18. Nh2 f5 19. Bxh5 Qf6 20. Be2 Nd8
21. exf5 Bxf5 22. Bd3 Qg6 23. Bxf5 Qf6 24. Be4 Nf7 25. Ng4 Qe7 26. Ne2 Kh8 27. Ng3 Qd7 28. Nh5 Rfe8 29. Nhf6 Qe7 30. Nxe8 Rxe8
31. a4 Qd8 32. a5 Qb8 33. axb6 cxb6 34. Ra2 Qb7 35. Rda1 Bf8 36. Rxa7 Qc8 37. Rxf7 Kg8 38. Raa7 Qd8 39. Nf6+ Kh8 40. Rh7#
1-0

[Event "the second english slow knockout"]
[Site "SchemingMind.com"]
[Date "2017.11.05"]
[Round "-"]
[White "Omahony"]
[Black "maro"]
[Result "1-0"]
[WhiteCountry "ENG"]
[BlackCountry "MEX"]
[WhiteElo "1792"]
[WhiteRD "69"]
[BlackElo "1388"]
[BlackRD "66"]
[GameID "420147"]

1. c4 e5 2. b3 d5 3. cxd5 Qxd5 4. Bb2 Bc5 5. e3 Nf6 6. Nf3 O-O 7. Bc4 Qc6 8. O-O Be6 9. Nxe5 Qd6 10. d4 Bb6
11. Nd2 Nbd7 12. f4 c5 13. Qf3 cxd4 14. e4 Bxc4 15. Ndxc4 d3+ 16. Kh1 Qc7 17. Nxd3 Rfe8 18. Rae1 Rad8 19. e5 Nd5 20. Qxd5 Nf6
21. exf6 g6 22. Qf3 Bd4 23. Bxd4 Qd7 24. Rxe8+ Rxe8 25. Be5
1-0

[Event "the second english slow knockout"]
[Site "SchemingMind.com"]
[Date "2017.11.04"]
[Round "-"]
[White "maro"]
[Black "Omahony"]
[Result "0-1"]
[WhiteCountry "MEX"]
[BlackCountry "ENG"]
[WhiteElo "1388"]
[WhiteRD "66"]
[BlackElo "1792"]
[BlackRD "69"]
[GameID "420148"]

1. c4 c6 2. e4 e5 3. d4 exd4 4. Qxd4 d6 5. Nf3 Nd7 6. Nc3 Ngf6 7. Be2 Be7 8. Bf4 Qa5 9. O-O Ne5 10. Nxe5 dxe5
11. Bxe5 O-O 12. a3 Be6 13. b4 Qd8 14. Qe3 a5 15. bxa5 Qxa5 16. a4 Qxe5 17. f4 Qa5 18. f5 Bd7 19. e5 Bc5 20. Qxc5 Qxc5+
21. Kh1 Ng4 22. Bxg4 Qxc4 23. Be2 Qxc3
0-1

[Event "the second english slow knockout"]
[Site "SchemingMind.com"]
[Date "2017.11.06"]
[Round "-"]
[White "Robert Bruce"]
[Black "pnwmusichound"]
[Result "1-0"]
[WhiteCountry "SCO"]
[BlackCountry "USA"]
[WhiteElo "2294"]
[WhiteRD "73"]
[BlackElo "1945"]
[BlackRD "99"]
[GameID "420285"]

1. c4 b6 2. Nc3 Bb7 3. e4 e6 4. Nge2 Bb4 5. g3 f5 6. Bg2 Nf6 7. d3 O-O 8. O-O fxe4 9. dxe4 d6 10. a3 Bxc3
11. Nxc3 Nbd7 12. b4 Ne5 13. Qe2 h6 14. Bb2 c5 15. Rad1 Qe7 16. f4 Nc6 17. e5 dxe5 18. fxe5 Nd7 19. Nb5 a6 20. Nd6 Nd4
21. Bxd4 Bxg2 22. Kxg2 cxd4 23. Rxf8+ Rxf8 24. Rxd4 Qg5 25. Ne4 Qe7 26. Nd2 Rf5 27. Nf3 Qf7 28. Rd6 a5 29. Qd3
1-0

[Event "the second english slow knockout"]
[Site "SchemingMind.com"]
[Date "2017.11.06"]
[Round "-"]
[White "pnwmusichound"]
[Black "Robert Bruce"]
[Result "0-1"]
[WhiteCountry "USA"]
[BlackCountry "SCO"]
[WhiteElo "1944"]
[WhiteRD "102"]
[BlackElo "2313"]
[BlackRD "72"]
[GameID "420286"]

1. c4 e6 2. d4 b6 3. e4 Bb7 4. Nc3 Bb4 5. f3 f5 6. exf5 Nh6 7. fxe6 O-O 8. Be3 Nf5 9. Qd2 Qh4+ 10. Bf2 Qe7
11. d5 dxe6 12. dxe6 Nc6 13. Bd3 Rad8 14. Nge2 Ne5 15. Nf4 Bxf3 16. O-O Qg5 17. g3 Rxd3 18. Qc2 Nxg3
0-1

[Event "the second english slow knockout"]
[Site "SchemingMind.com"]
[Date "2017.11.14"]
[Round "-"]
[White "Apatchenlama"]
[Black "Wojtek26"]
[Result "1-0"]
[WhiteCountry "GER"]
[BlackCountry "POL"]
[WhiteElo "2077"]
[WhiteRD "83"]
[BlackElo "1501"]
[BlackRD "54"]
[GameID "420534"]

1. c4 e5 2. g3 Nc6 3. Bg2 d6 4. Nc3 Nf6 5. Nf3 Bg4 6. O-O Be7 7. h3 Bh5 8. b3 O-O 9. d3 Bg6 10. Nh4 Nb4
11. Bxb7 Rb8 12. Bg2 h6 13. Nxg6 fxg6 14. a3 Nc6 15. Bxc6 Rb6 16. Bg2 Nh5 17. Nd5 Rb7 18. Nxe7+ Qxe7 19. Bxb7
1-0

[Event "the second english slow knockout"]
[Site "SchemingMind.com"]
[Date "2017.11.14"]
[Round "-"]
[White "Wojtek26"]
[Black "Apatchenlama"]
[Result "0-1"]
[WhiteCountry "POL"]
[BlackCountry "GER"]
[WhiteElo "1426"]
[WhiteRD "54"]
[BlackElo "2005"]
[BlackRD "91"]
[GameID "420535"]

1. c4 e6 2. d4 d5 3. e3 Nf6 4. Nf3 Be7 5. Be2 O-O 6. O-O c5 7. Nc3 cxd4 8. Nxd4 Nc6 9. Nxc6 bxc6 10. Bd2 Ba6
11. b3 Re8 12. cxd5 Bxe2 13. Qxe2 cxd5 14. Qa6 Nd7 15. Nb5 Nc5 16. Qa5 Qxa5 17. Bxa5 Rec8 18. Nd4 Ne4 19. Rac1 a6 20. Nc6 Ba3
21. Rc2 Kf8 22. f3 Nc5 23. Ne5 Nb7 24. Rxc8+ Rxc8 25. Nd7+ Ke8 26. Nb6 Rc2 27. h3 Rxa2 28. b4 Rc2 29. Ra1 Rc1+ 30. Rxc1 Bxc1
31. Kf2 Nxa5 32. bxa5 Bd2 33. Na4 Bxa5 34. Nc5 Ke7 35. Nxa6 Kd6 36. Ke2 h5 37. Kd3 f5
0-1

[Event "the second english slow knockout"]
[Site "SchemingMind.com"]
[Date "2017.11.22"]
[Round "-"]
[White "echecs"]
[Black "John Hamer"]
[Result "0-1"]
[WhiteCountry "ENG"]
[BlackCountry "ENG"]
[WhiteElo "1785"]
[WhiteRD "67"]
[BlackElo "1996"]
[BlackRD "65"]
[GameID "421071"]

1. c4 Nf6 2. d4 e6 3. Nc3 d5 4. Nf3 c6 5. e3 Nbd7 6. Bd3 dxc4 7. Bxc4 b5 8. Bd3 Bb7 9. O-O b4 10. Ne4 Nxe4
11. Bxe4 Bd6 12. Qc2 Rc8 13. Qa4 a6 14. Bd2 f5 15. Bd3 c5 16. dxc5 Bxc5 17. Bxb4 Bxb4 18. Qxb4 Rb8 19. Qf4 Bxf3 20. gxf3 Nc5
21. Bxf5 O-O 22. Bxh7+ Kxh7 23. Qg4 Rf6 24. Qh5+ Rh6 25. Qxc5 Rxb2 26. e4 Qf6 27. Rfc1 Qxf3
0-1

[Event "the second english slow knockout"]
[Site "SchemingMind.com"]
[Date "2017.11.22"]
[Round "-"]
[White "John Hamer"]
[Black "echecs"]
[Result "1-0"]
[WhiteCountry "ENG"]
[BlackCountry "ENG"]
[WhiteElo "1996"]
[WhiteRD "65"]
[BlackElo "1785"]
[BlackRD "67"]
[GameID "421072"]

1. c4 c5 2. Nc3 Nc6 3. Nf3 Nf6 4. d4 cxd4 5. Nxd4 e6 6. Bf4 Be7 7. Ndb5 O-O 8. Bc7 Qe8 9. Nd6 Bxd6 10. Bxd6 Ne7
11. Nb5 Qd8 12. Bc7 a6 13. Bxd8 Rxd8 14. Nc7 Rb8 15. e3 d6 16. c5 d5 17. Qa4 Bd7 18. Qa5 Nc6 19. Qb6 Ne4 20. Bd3 Nf6
21. O-O g6 22. Rad1 Rdc8 23. f4 Ng4 24. Rf3 Ne7 25. Qd6 Ba4 26. b3 Bxb3 27. axb3 Nc6 28. Nxe6 h5 29. Ng5 Rd8 30. Qc7 Rf8
31. Bxg6
1-0

[Event "the second english slow knockout"]
[Site "SchemingMind.com"]
[Date "2017.12.08"]
[Round "-"]
[White "Helga1946"]
[Black "pioneer"]
[Result "0-1"]
[WhiteCountry "GER"]
[BlackCountry "RUS"]
[WhiteElo "2249"]
[WhiteRD "67"]
[BlackElo "2318"]
[BlackRD "109"]
[GameID "421517"]

1. c4 Nf6 2. d4 g6 3. Nc3 Bg7 4. e4 d6 5. h3 O-O 6. Be3 e5 7. d5 Na6 8. Nf3 Nc5 9. Nd2 a5 10. Be2 Ne8
11. a3 f5 12. Bxc5 dxc5 13. O-O Nd6 14. Bd3 Qe7 15. Re1 Bd7 16. Qe2 a4 17. Rab1 b6 18. Rbd1 f4 19. Nf3 h5 20. Rf1 g5
21. Nh2 g4 22. hxg4 hxg4 23. Nxg4 f3 24. gxf3 Rf4 25. Kg2 Raf8 26. Rg1 Qg5 27. Kh1 Qh4+ 28. Nh2 Rxf3 29. Rg2 Rxf2 30. Qe3 Rxg2
31. Kxg2 Kh7 32. Bf1 Bh6 33. Qe1 Bh3+ 34. Kh1 Rf2
0-1

[Event "the second english slow knockout"]
[Site "SchemingMind.com"]
[Date "2017.12.08"]
[Round "-"]
[White "pioneer"]
[Black "Helga1946"]
[Result "1-0"]
[WhiteCountry "RUS"]
[BlackCountry "GER"]
[WhiteElo "2381"]
[WhiteRD "106"]
[BlackElo "2070"]
[BlackRD "51"]
[GameID "421518"]

1. c4 e6 2. Nc3 Bb4 3. d4 Bxc3+ 4. bxc3 d6 5. e4 Nd7 6. Nf3 b6 7. Bd3 Bb7 8. O-O Ne7 9. a4 a5 10. Rb1 Ng6
11. Bg5 f6 12. Be3 Qe7 13. h4 Ngf8 14. Nd2 h5 15. f4 O-O-O 16. Nf3 Ng6 17. e5 Nxf4 18. Bxf4 dxe5 19. Bg3 e4 20. Be2 exf3
21. Bxf3 Ba6 22. Qb3 e5 23. Rfe1 Qe6 24. Bd5 Qf5 25. c5 Qd3 26. Bf3 Bc4 27. Qb2 Qg6 28. Qf2 Bd3 29. Rb2 Rhe8 30. c6 e4
31. cxd7+ Rxd7 32. Be2 Bxe2 33. Rbxe2 Qg4 34. Qe3 Re6 35. c4 f5 36. Rf1 Rg6 37. Be5 Rc6 38. Rc2 Qxh4 39. Rxf5 Qg4 40. Rf1 h4
41. Kh2 Re7 42. c5 Kb7 43. d5
1-0

[Event "the second english slow knockout"]
[Site "SchemingMind.com"]
[Date "2017.12.15"]
[Round "-"]
[White "nikita68"]
[Black "John Hamer"]
[Result "1-0"]
[WhiteCountry "RUS"]
[BlackCountry "ENG"]
[WhiteElo "2339"]
[WhiteRD "74"]
[BlackElo "2041"]
[BlackRD "66"]
[GameID "421978"]

1. c4 Nf6 2. d4 d5 3. cxd5 Nxd5 4. e4 Nb6 5. Nc3 e6 6. Nf3 Be7 7. Bd3 O-O 8. O-O Nc6 9. Be3 f5 10. Qd2 Bd7
11. exf5 exf5 12. d5 Nb8= 13. a3 Bf6 14. Rfe1 Re8 15. Bd4 Be7 16. Rad1 Na6 17. b4 Rc8 18. Ne5 Rf8 19. Bxb6 cxb6 20. d6 Bf6
21. Nd5 Bxe5 22. Rxe5 Kh8 23. Rde1 Rc6 24. b5
1-0